La ciudad y los perros
Furkejuvvon:
| Váldodahkki: | |
|---|---|
| Materiálatiipa: | Girji |
| Giella: | espánnjágiella |
| Almmustuhtton: |
Buenos Aires
Punto de Lectura
2007
|
| Preanttus: | 4a. ed |
| Ráidu: | Narrativa
|
| Fáttát: | |
| Fáddágilkorat: |
Lasit fáddágilkoriid
Eai fáddágilkorat, Lasit vuosttaš fáddágilkora!
|
MARC
| LEADER | 00000nam a2200000 a 4500 | ||
|---|---|---|---|
| 001 | UCI6663 | ||
| 003 | CL-VaPUC | ||
| 008 | 080523e20070000AG |||||||||||||||||spa|d | ||
| 020 | |a 9788466309158 | ||
| 082 | 0 | 4 | |a Pe863 |b VAR |2 21 |
| 100 | 0 | |a Vargas Llosa, Mario |e author |9 318800 | |
| 245 | 1 | 3 | |a La ciudad y los perros |
| 250 | |a 4a. ed | ||
| 300 | |a 444 p | ||
| 942 | |c BK | ||
| 945 | |d 20080523 00:00:00 |a rbrito | ||
| 260 | |a Buenos Aires |b Punto de Lectura |c 2007 | ||
| 650 | 7 | |a NOVELAS PERUANAS |2 CL-VaPUC |9 529626 | |
| 650 | 7 | |a NARRATIVA PERUANA |2 CL-VaPUC |9 529627 | |
| 583 | |a last modification |c 20080523 00:00:00 |k Rodrigo Vera | ||
| 490 | 0 | |a Narrativa | |
| 999 | |c 330113 |d 330111 | ||
| 952 | |0 0 |1 0 |4 0 |6 PE_863_000000000000000_VAR_2007 |7 0 |8 A |9 415466 |a BIBCUR |b BIBCUR |d 2019-11-22 |i 4441885 |l 3 |m 3 |o Pe863 VAR 2007 |p 4441885 |q 2025-05-13 |r 2025-04-23 |s 2025-04-23 |w 2019-11-22 |y BK |k PER | ||